000 00628na a2200229 4500
001 18655
003 MIRAKIL
005 20181213154921.0
008 161123b tu 000 0
035 _a18655
040 _aMilas
_btur
_cTR-AnCHP
041 _atur
082 _a351.86
_bC25 1995
090 _a351.86 C25 1995
100 _aCansever, Turgut
245 _aHabitat II konferansı için şehir ve konut üzerine düşünceler
_cTurgut Cansever
260 _aAnkara
_bHak-İş
_c1995
300 _a81 s.
_c27 sm.
650 _aKonut politikası
_zTürkiye
650 _aŞehirleşme
_zTürkiye
942 _2ddc
_cBKS
999 _c3133
_d3133